La declinación de Roma /

Guardado en:
Autor Principal: Weber, Eugen
Formato: Deslizar
Series:La tradición de Occidente
Materias:
Etiquetas: Agregar Etiqueta
Sin Etiquetas, Sea el primero en etiquetar este registro!
LEADER 01156ngm a22003375g 4500
001 CEM.cems022172
008 130507b1996##################0###0#####d
005 20241007202532.0
245 1 0 |a La declinación de Roma /  |c Eugen Weber. 
300 |a 25'. 
490 0 |a La tradición de Occidente 
500 |a En soporte VHS, consultar en ventanilla. 
505 0 |a Situación del Imperio Romano en el siglo II de Cristo. Constantinopla. Los bárbaros. El Papa Gregorio. Hunos y Godos. Invasiones en Europa: consecuencias. Atila. La peste y la pobreza. El Coliseo. El Circo. Los impuestos. 
538 |a Soporte: VHS - Norma: Pal N - Color - Grabación DRD 1996 - Hitachi=4560 
100 1 |a Weber, Eugen 
082 9 3 |/ WEB 
653 |a HISTORIA 
653 |a IMPERIO ROMANO 
653 |a HISTORIA ANTIGUA 
653 |a CONSTANTINOPLA 
653 |a BARBAROS 
653 |a HUNOS 
653 |a GODOS 
653 |a ATILA 
653 |a COLISEO 
653 |a CIRCO ROMANO 
653 |a ROMA 
653 |a ATILA 
653 |a INVASIONES BARBARAS 
653 |a NIVEL SECUNDARIO 
859 |a CEMS  |b BIB. CEMS - Depto. Recursos Didacticos  |h 930  |i WEB  |k DRD  |p 815.12  |t Ej.1